00422 a2200121 4500001001000000005001700010008004100027245010500068100002200173700002100195773006700216999001700283ART_1234220260410161905.0260409a 10aOn chosing the optimal level of significance for the Durbin-Watson test and the bayesian alternative1 aGuilkey, David K.1 aFomby, Thomas B.0 tJournal of econometricsg- Vol. 8, NÂș 2 (oct. 1978)wREV11720 c26290d26290